LEADER 01061nam0-22003251i-450- 001 990001862740403321 005 20090209145143.0 035 $a000186274 035 $aFED01000186274 035 $a(Aleph)000186274FED01 035 $a000186274 100 $a20030910d1963----km-y0itay50------ba 101 0 $aita 102 $aIT 105 $ay-------001yy 200 1 $a<>impollinazione incrociata del nocciuolo Tonda gentile delle Langhe$e1. contributo$fP. Romisondo 210 $aFirenze$c[s.n.]$d1963 215 $a16 p.$d24 cm 225 1 $aRaccolta di memorie$fUniversità degli studi di Torino. Facoltà di scienze agrarie$v367 300 $aEstr. da: Rivista dell'ortoflorofrutticoltura italiana, n. 3,1963 610 0 $aCorylus 676 $a634.54 700 1$aRomisondo,$bPiero$076209 801 0$aIT$bUNINA$gRICA$2UNIMARC 901 $aBK 912 $a990001862740403321 952 $a60 MISC. B 131/367$fFAGBC 959 $aFAGBC 996 $aImpollinazione incrociata del nocciuolo Tonda gentile delle Langhe$9401812 997 $aUNINA LEADER 01968nam2-2200397---450- 001 990005791970203316 005 20130104124037.0 010 $a978-92-9237-860-8 035 $a000579197 035 $aUSA01000579197 035 $a(ALEPH)000579197USA01 035 $a000579197 100 $a20130104d2012----km-y0itay50------ba 101 0 $aita 102 $aLU 105 $a||||||||001yy 200 1 $aApplicazione della normativa dell'UE in materia di igiene nei macelli dei paesi che hanno aderito all?UE a partire dal 2004$fCorte dei conti europea 210 $aLussemburgo$cUfficio delle pubblicazioni dell'Unione europea$d2012 215 $a41 p.$cill.$d30 cm 225 2 $aRelazione speciale$v14/2012 330 $aGli Stati membri che hanno aderito all?UE a partire dal 2004 dovevano rendere i propri macelli conformi agli standard di igiene dell?UE e potevano ricevere fondi dell?UE a tal fine. La presente relazione esamina l?uso fatto di tali fondi, appurando se siano stati posti in essere sistemi adeguati per applicare gli standard d'igiene. La Corte ha concluso che, nel complesso, la concezione dei sistemi era adeguata, ma che le debolezze rilevate dimostrano il bisogno di maggior rigore nell?applicazione degli standard. [Ed.] 410 0$1001000351941$aRelazione speciale 410 1$12001$aRelazione speciale 606 0 $aMacelli$xIgiene$2BNCF 676 $a664.90704 699 $a07.09$bMacellazione 710 02$aCORTE DEI CONTI EUROPEA$0541549 801 0$aIT$bsalbc$gISBD 856 4 $uhttp://bookshop.europa.eu/uri?target=EUB:NOTICE:QJAB12013:IT:HTML$4.$zAccesso libero online 912 $a990005791970203316 951 $aCDE 07.09 (I)$bCDE 2880$cCDE 07.09 959 $aBK 969 $aCDE 979 $aMARIAS$b90$c20130104$lUSA01$h1240 996 $aApplicazione della normativa dell'UE in materia di igiene nei macelli dei paesi che hanno aderito all?UE a partire dal 2004$91081140 997 $aUNISA LEADER 01186nam 22003851a 450 001 9910714135403321 005 20251021204623.0 035 $a(CKB)3780000000262557 035 $a(DcWaBHL)100876 035 $a(EXLCZ)993780000000262557 100 $a20240129d1993 ua- 0 101 0 $aeng 200 10$aCaryopsis morphology and classification in the Triticeae (Pooideae:Poaceae) 210 1$aWashington, D.C$cSmithsonian Institution Press$d1993 215 $a1 online resource 225 0 $aSmithsonian contributions to botany ;$vno. 083 320 $aIncludes bibliographical references. 606 $aGrasses$xClassification 606 $aCaryopses 606 $aCaryopses 606 $aGrasses 606 $aClassification 608 $aClassification 615 0$aGrasses$xClassification. 615 0$aCaryopses. 615 4$aCaryopses 615 4$aGrasses 615 04$aClassification 700 $aTerrell$b Edward E$01402943 701 $aPeterson$b Paul M$0129802 801 0$bDLC 906 $aBOOK 912 $a9910714135403321 996 $aCaryopsis morphology and classification in the Triticeae (Pooideae:Poaceae)$94447043 997 $aUNINA